Hacienda pública (Registro nro. 74)

Detalles MARC
000 -LEADER
fixed length control field 01803 a2200289 4500
001 - CONTROL NUMBER
control field 98
005 - DATE AND TIME OF LATEST TRANSACTION
control field 20260407155410.0
008 - FIXED-LENGTH DATA ELEMENTS--GENERAL INFORMATION
fixed length control field 260407a2002 arg spa d
003 - CONTROL NUMBER IDENTIFIER
control field AR-UNSa-BCEJYS
040 ## - CATALOGING SOURCE
Original cataloging agency AR-UNSa-BCEJYS
Language of cataloging spa
Transcribing agency AR-UNSa-BCEJYS
080 ## - UNIVERSAL DECIMAL CLASSIFICATION NUMBER
Universal Decimal Classification number 336.1
Common auxiliary subdivision Finanzas Públicas. Finanzas del gobierno en general<br/> <br/>
020 ## - INTERNATIONAL STANDARD BOOK NUMBER
International Standard Book Number 978-84-481-2842-5
100 1# - MAIN ENTRY--PERSONAL NAME
Personal name Ruiz - Huerta, Jesús
245 10 - TITLE STATEMENT
Title Hacienda pública
250 ## - EDITION STATEMENT
Edition statement 5a. ed
264 #1 - PRODUCTION, PUBLICATION, DISTRIBUTION, MANUFACTURE, AND COPYRIGHT NOTICE
Place of production, publication, distribution, manufacture Madrid :
Name of producer, publisher, distributor, manufacturer McGraw-Hill
Date of production, publication, distribution, manufacture, or copyright notice 2002
300 ## - PHYSICAL DESCRIPTION
Extent 556 p.
Dimensions 25 cm
505 ## - FORMATTED CONTENTS NOTE
Formatted contents note 1. Hacienda pública y actitudes con respecto al Estado - 2. Una primera aproximación al sector público - 3. las herramientas del análisis positivo - 4. Las herramientas del análisis normativo - 5. Bienes públicos - 6. Externalidades - 7. Teoría económica de la política - 8. Redistribución de la renta: aspectos conceptuales - 9. Programas de gasto para combatir la pobreza - 10. Seguros sociales I:la seguridad social y el seguro de desempleo - 11. Seguros sociales II:sanidad - 12. El análisis coste benefico - 13. Imposición y distribución dela renta - 14. Imposición y eficiencia - 15.Imposición eficiente y equitativa - 16. El impuesto personal sobre la renta - 17. La imposición personal y el comportamiento - 18. El impuesto de las sociedades - 19. La financiación a través del déficit - 20. Los impuestos sobre el consumo y la riqueza - 21. La hacienda pública en un sistema federal.
590 ## - LOCAL NOTE (RLIN)
Local note niveau_biblio:m niveau_hierar:0
700 1# - ADDED ENTRY--PERSONAL NAME
Personal name Rosen, Harvey S.
700 1# - ADDED ENTRY--PERSONAL NAME
Personal name Loscos, Javier
700 1# - ADDED ENTRY--PERSONAL NAME
Personal name Díaz de Sarralde, Santiago
700 1# - ADDED ENTRY--PERSONAL NAME
Personal name Trinidad, Gloria
700 1# - ADDED ENTRY--PERSONAL NAME
Personal name Vizán, Carmen
856 41 - ELECTRONIC LOCATION AND ACCESS
Uniform Resource Identifier <a href="https://biblioeco.unsa.edu.ar/pmb/images/libros/Hacienda publica-l116710.jpg">https://biblioeco.unsa.edu.ar/pmb/images/libros/Hacienda publica-l116710.jpg</a>
Link text Imagen de portada
Electronic format type image/jpeg
942 ## - ADDED ENTRY ELEMENTS (KOHA)
Koha item type
Existencias
Withdrawn status Lost status Damaged status Not for loan Home library Current library Shelving location Date acquired Total checkouts Full call number Barcode Date last seen Price effective from Koha item type Public note
        Biblioteca Prof. Eusebio Cleto del Rey Biblioteca Prof. Eusebio Cleto del Rey   07/04/2026   336.1 R813 5ed. L116710 07/04/2026 07/04/2026 Libro  
        Biblioteca Prof. Eusebio Cleto del Rey Biblioteca Prof. Eusebio Cleto del Rey   07/04/2026   336.1 R813 5ed. L116711 07/04/2026 07/04/2026 Libro  
        Biblioteca Prof. Eusebio Cleto del Rey Biblioteca Prof. Eusebio Cleto del Rey   07/04/2026   336.1 R813 5ed. L116712 07/04/2026 07/04/2026 Libro  
        Biblioteca Prof. Eusebio Cleto del Rey Biblioteca Prof. Eusebio Cleto del Rey   07/04/2026   336.1 R813 5ed. L116713 07/04/2026 07/04/2026 Libro  
        Biblioteca Prof. Eusebio Cleto del Rey Biblioteca Prof. Eusebio Cleto del Rey   07/04/2026   336.1 R813 5ed. L116714 07/04/2026 07/04/2026 Libro TAPA DOBLADA -
        Biblioteca Prof. Eusebio Cleto del Rey Biblioteca Prof. Eusebio Cleto del Rey   07/04/2026   336.1 R813 5ed. L128604 07/04/2026 07/04/2026 Libro